Central Library OPAC University of Rajshahi

Theory of money / (Record no. 5607)

MARC details
000 -LEADER
fixed length control field 00772nam a2200289 4500
001 - CONTROL NUMBER
control field 5607
003 - CONTROL NUMBER IDENTIFIER
rucl marc code BD-RjUL
005 - DATE AND TIME OF LATEST TRANSACTION
control field 20211208234108.0
008 - FIXED-LENGTH DATA ELEMENTS--GENERAL INFORMATION
fixed length control field 14 s1971 enka b 001 0 eng d
020 ## - INTERNATIONAL STANDARD BOOK NUMBER
International Standard Book Number 0198281692
International Standard Book Number 0198770057 (pbk)
035 ## - SYSTEM CONTROL NUMBER
System control number (BD-RjUL)5646
040 ## - CATALOGING SOURCE
Original cataloging agency BD-RjUL
Language of cataloging eng
Transcribing agency BD-RjUL
041 ## - LANGUAGE CODE
Language code of text/sound track or separate title eng
082 ## - DEWEY DECIMAL CLASSIFICATION NUMBER
Classification number 332.4
Author mark and year NET 1971
100 1# - MAIN ENTRY--PERSONAL NAME
Personal name Newlyn, W. T.
Fuller form of name (Walter Tessier)
9 (RLIN) 9687
245 10 - TITLE STATEMENT
Title Theory of money /
Statement of responsibility, etc. W.T. Newlyn.
250 ## - EDITION STATEMENT
Edition statement 2nd ed.
260 ## - PUBLICATION, DISTRIBUTION, ETC. (IMPRINT)
Place of publication, distribution, etc. Oxford :
Name of publisher, distributor, etc. Clarendon Press,
Date of publication, distribution, etc. c1971.
300 ## - PHYSICAL DESCRIPTION
Pagination x, 220 p. :
Illustrations ill. ;
Size 22 cm.
500 ## - GENERAL NOTE
General note Previous ed.: 1962.
504 ## - BIBLIOGRAPHY, ETC. NOTE
Bibliography, etc Bibliography: p. 220. and index.
650 #0 - SUBJECT ADDED ENTRY--TOPICAL TERM
Topical term or geographic name as entry element Money.
9 (RLIN) 17594
942 ## - ADDED ENTRY ELEMENTS (KOHA)
Source of classification or shelving scheme Dewey Decimal Classification
Koha item type Books
Holdings
Lost status Source of classification or shelving scheme Damaged status Not for loan Collection code Permanent Location Current Location Shelving location Date acquired Source of acquisition Cost, normal purchase price Total Checkouts Full call number Date last seen Copy number Koha item type
  Dewey Decimal Classification     Non-fiction Central Library, University of Rajshahi Central Library, University of Rajshahi   03/12/1975 Ganathan ware & co. 1.05   332.401 NET 1971 06/01/2014 C-7 Books
  Dewey Decimal Classification     Non-fiction Central Library, University of Rajshahi Central Library, University of Rajshahi   03/12/1975 Ganathan ware & co 1.05   332.401 NET 1971 25/06/2016 C-2 Books
  Dewey Decimal Classification     Non-fiction Central Library, University of Rajshahi Central Library, University of Rajshahi   03/12/1975 Ganathan ware & co 1.05   332.4 NET 1971 25/06/2016 C-3 Books
  Dewey Decimal Classification     Non-fiction Central Library, University of Rajshahi Central Library, University of Rajshahi   03/12/1975 Ganathan ware & co 2.10   332.401 NET 1971 25/06/2016 C-4 Books
  Dewey Decimal Classification     Non-fiction Central Library, University of Rajshahi Central Library, University of Rajshahi   03/12/1975 Ganathan ware & co 2.10   332.401 NET 1971 25/06/2016 C-5 Books
  Dewey Decimal Classification     Non-fiction Central Library, University of Rajshahi Central Library, University of Rajshahi   03/12/1975 Ganathan ware & co 2.10   332.401 NET 1971 25/06/2016 C-6 Books